000 01086nam a22003257a 4500
003 CHAP
005 20220817042513.0
008 971013s r 00010 d
010 _a46550
011 _a47522
035 _a51664
040 _cCHAP
082 _a378
_bU52
110 _aUniversidad Autónoma de San Luis Potosí
_9116343
245 _aCosto por alumno
_b: ejercicio 19 -
260 _a(s.l.) :
_bEd. Universitaria Potosina,
_c19 -
300 _av.
500 _aLa biblioteca tiene: 1973-74; 1974-75
590 _aBATCH-UPD
_b10
_c20130110
_lUCH01
_h0315
590 _aBATCH-UPD
_b10
_c20130110
_lUCH01
_h1927
590 _aBATCH-UPD
_b10
_c20130409
_lUCH01
_h2348
590 _aBATCH-UPD
_b10
_c20130914
_lUCH01
_h1236
590 _aCONVERSION
_b10
_c20130109
_lUCH01
_h1325
650 1 4 _aEducación superior.
650 1 4 _aEducación
_xCostos
_xMéxico.
_935428
901 _aBK
942 _cLIBRO
949 _a378 U52
_bBC
_cLIBRO
_d33724000441044
_eLIBRO
_f1973-74
_h39803
_i51664
_mD
_si
949 _a378 U52
_bBC
_cLIBRO
_d33724000441051
_eLIBRO
_f1974-75
_h39804
_i51664
_mD
_si
999 _c46550
_d46550